[Event "TUR-chT Superleague 2018"]
[Site "Ankara"]
[Date "2018.08.02"]
[Round "9"]
[White "Yorgun, Yaren Naz"]
[Black "Erece, Ece Alkim"]
[Result "0-1"]
[WhiteElo "1725"]
[BlackElo "1788"]
[Annotator "NA"]
[PlyCount "160"]
[EventDate "2018.07.25"]
[EventType "team-tourn"]
[EventCountry "TUR"]
[SourceTitle "playchess.com"]
[Source "ChessBase"]
[SourceQuality "1"]
[TimeControl "40/5400+30:1800+30"]

1. e4 {[%emt 0:00:30]} g6 {[%emt 0:00:30]} 2. d4 {[%emt 0:00:00]} c5 {[%emt 0:00:30]} 3. Nf3 {[%emt 0:01:00]} cxd4 {[%emt 0:00:30]} 4. Qxd4 {[%emt 0:00:30]} Nf6 {[%emt 0:00:00]} 5. Nc3 {[%emt 0:00:00]} Nc6 {[%emt 0:00:00]} 6. Qa4 {[%emt 0:00:00]} d6 {[%emt 0:03:30]} 7. e5 {[%emt 0:03:30]} dxe5 {[%emt 0:00:30]} 8. Nxe5 {[%emt 0:00:00]} Bd7 {[%emt 0:02:30]} 9. Nxd7 {[%emt 0:00:00]} Qxd7 {[%emt 0:00:00]} 10. Be3 {[%emt 0:01:30]} Bg7 {[%emt 0:06:00]} 11. Rd1 {[%emt 0:00:30]} Qc7 {[%emt 0:03:30]} 12. Nb5 {[%emt 0:18:30]} Qe5 {[%emt 0:02:30]} 13. Be2 {[%emt 0:16:30]} O-O {[%emt 0:02:30]} 14. O-O {[%emt 0:02:30]} Qxb2 {[%emt 0:05:30]} 15. Bf3 {[%emt 0:31:30]} Qe5 {[%emt 0:26:30]} 16. Rfe1 {[%emt 0:03:59]} a6 {[%emt 0:01:30]} 17. Nd4 {[%emt 0:01:24]} Qc7 {[%emt 0:12:30]} 18. Nxc6 {[%emt 0:03:42]} bxc6 {[%emt 0:00:30]} 19. Bf4 {[%emt 0:01:11]} Qb6 {[%emt 0:02:30]} 20. Bxc6 {[%emt 0:02:10]} Rac8 {[%emt 0:00:30]} 21. Bf3 {[%emt 0:00:35]} e6 {[%emt 0:05:30]} 22. c4 {[%emt 0:01:30]} Rfd8 {[%emt 0:01:30]} 23. Rxd8+ {[%emt 0:02:29]} Rxd8 {[%emt 0:00:00]} 24. Be3 {[%emt 0:00:21]} Qc7 {[%emt 0:02:00]} 25. Qxa6 {[%emt 0:00:40]} Rc8 {[%emt 0:00:00]} 26. Be2 {[%emt 0:04:05]} Nd7 {[%emt 0:02:00]} 27. Rc1 {[%emt 0:01:17]} Nc5 {[%emt 0:00:30]} 28. Qb5 {[%emt 0:01:00]} Bf8 {[%emt 0:00:30]} 29. Rb1 {[%emt 0:00:40]} Ra8 {[%emt 0:00:30]} 30. a4 {[%emt 0:01:37]} Nxa4 {[%emt 0:01:55]} 31. Bf3 {[%emt 0:01:16]} Ra5 {[%emt 0:04:07]} 32. Qc6 {[%emt 0:00:31]} Qxc6 {[%emt 0:01:33]} 33. Bxc6 {[%emt 0:00:30]} Nc3 {[%emt 0:00:00]} 34. Rf1 {[%emt 0:00:53]} Bc5 {[%emt 0:01:45]} 35. Bd2 {[%emt 0:00:48]} Ne2+ {[%emt 0:00:30]} 36. Kh1 {[%emt 0:00:00]} Ra2 {[%emt 0:00:00]} 37. Be3 {[%emt 0:00:00]} Bxe3 {[%emt 0:02:02]} 38. fxe3 {[%emt 0:00:19]} Rc2 {[%emt 0:00:30]} 39. Bb5 {[%emt 0:00:30]} Nc3 {[%emt 0:00:30]} 40. Be8 {[%emt 0:00:30]} f5 {[%emt 0:00:00]} 41. Bd7 {[%emt 0:12:03]} Kf7 {[%emt 0:03:08]} 42. Bc6 {[%emt 0:13:50]} Ke7 {[%emt 0:02:30]} 43. g3 {[%emt 0:06:24]} Kd6 {[%emt 0:01:30]} 44. Bb7 {[%emt 0:00:15]} Kc5 {[%emt 0:01:30]} 45. Bc8 {[%emt 0:00:32]} e5 {[%emt 0:06:30]} 46. Be6 {[%emt 0:00:23]} Ne4 {[%emt 0:00:30]} 47. Kg1 {[%emt 0:00:48]} Ng5 {[%emt 0:05:30]} 48. Bd5 {[%emt 0:00:21]} e4 {[%emt 0:02:30]} 49. Ra1 {[%emt 0:00:30]} Nf3+ {[%emt 0:01:30]} 50. Kf1 {[%emt 0:00:08]} Nxh2+ {[%emt 0:00:30]} 51. Ke1 {[%emt 0:00:40]} Ng4 {[%emt 0:00:30]} 52. Ra5+ {[%emt 0:00:30]} Kd6 {[%emt 0:05:30]} 53. Ra6+ {[%emt 0:00:34]} Ke7 {[%emt 0:00:10]} 54. Ra3 {[%emt 0:00:52]} Ne5 {[%emt 0:02:42]} 55. Ra7+ {[%emt 0:00:23]} Kf6 {[%emt 0:00:55]} 56. Rxh7 {[%emt 0:00:31]} Nxc4 {[%emt 0:00:37]} 57. Bxc4 {[%emt 0:00:30]} Rxc4 {[%emt 0:00:00]} 58. Rh4 {[%emt 0:00:26]} Kg5 {[%emt 0:00:15]} 59. Kf1 {[%emt 0:00:27]} Rc2 {[%emt 0:00:34]} 60. Rf4 {[%emt 0:00:09]} Rh2 {[%emt 0:01:49]} 61. g4 {[%emt 0:01:05]} Rh4 {[%emt 0:00:29]} 62. Rf2 {[%emt 0:00:32]} Rxg4 {[%emt 0:01:03]} 63. Ke2 {[%emt 0:00:10]} Kf6 {[%emt 0:01:29]} 64. Rh2 {[%emt 0:00:08]} g5 {[%emt 0:03:25]} 65. Rh6+ {[%emt 0:00:42]} Ke5 {[%emt 0:00:17]} 66. Rh5 {[%emt 0:00:23]} Kf6 {[%emt 0:03:42]} 67. Rh6+ {[%emt 0:00:10]} Kg7 {[%emt 0:00:10]} 68. Re6 {[%emt 0:00:24]} Rg2+ {[%emt 0:00:30]} 69. Kf1 {[%emt 0:00:10]} Rb2 {[%emt 0:00:23]} 70. Re7+ {[%emt 0:00:28]} Kg6 {[%emt 0:00:10]} 71. Re5 {[%emt 0:00:39]} Rb4 {[%emt 0:00:28]} 72. Kf2 {[%emt 0:01:05]} f4 {[%emt 0:01:40]} 73. exf4 {[%emt 0:00:30]} gxf4 {[%emt 0:00:00]} 74. Ke2 {[%emt 0:00:00]} Rb2+ {[%emt 0:00:30]} 75. Kf1 {[%emt 0:00:40]} e3 {[%emt 0:00:12]} 76. Ke1 {[%emt 0:00:53]} Kf6 {[%emt 0:00:35]} 77. Re8 {[%emt 0:00:30]} Kf5 {[%emt 0:00:00]} 78. Rg8 {[%emt 0:00:08]} f3 {[%emt 0:01:48]} 79. Rf8+ {[%emt 0:00:34]} Kg4 {[%emt 0:00:06]} 80. Rg8+ {[%emt 0:00:00]} Kh5 {[%emt 0:00:15]} 0-1

[Event "TUR-chT Superleague 2018"]
[Site "Ankara"]
[Date "2018.08.02"]
[Round "9"]
[White "Ozcan, Kaan"]
[Black "Gunduz, Umut Erdem"]
[Result "0-1"]
[WhiteElo "1523"]
[BlackElo "2174"]
[Annotator "NA"]
[PlyCount "51"]
[EventDate "2018.07.25"]
[EventType "team-tourn"]
[EventCountry "TUR"]
[SourceTitle "playchess.com"]
[Source "ChessBase"]
[SourceQuality "1"]
[TimeControl "40/5400+30:1800+30"]

1. c4 {[%emt 0:00:30]} c5 {[%emt 0:00:30]} 2. Nc3 {[%emt 0:00:30]} Nc6 {[%emt 0:00:00]} 3. g3 {[%emt 0:01:30]} g6 {[%emt 0:00:00]} 4. Bg2 {[%emt 0:00:30]} Bg7 {[%emt 0:00:00]} 5. Nf3 {[%emt 0:00:00]} Nh6 {[%emt 0:00:00]} 6. O-O {[%emt 0:03:00]} O-O {[%emt 0:00:30]} 7. d3 {[%emt 0:01:30]} Nf5 {[%emt 0:00:30]} 8. Bd2 {[%emt 0:05:30]} a6 {[%emt 0:00:00]} 9. a3 {[%emt 0:05:30]} Rb8 {[%emt 0:06:00]} 10. Rb1 {[%emt 0:08:30]} b5 {[%emt 0:00:30]} 11. cxb5 {[%emt 0:06:30]} axb5 {[%emt 0:00:30]} 12. Ne4 {[%emt 0:08:30]} c4 {[%emt 0:06:30]} 13. dxc4 $15 {[%emt 0:10:30]} bxc4 {[%emt 0:00:30]} 14. Nc3 {[%emt 0:05:30]} d5 {[%emt 0:06:30]} 15. e3 {[%emt 0:11:30]} Nd6 {[%emt 0:08:30]} 16. Qa4 {[%emt 0:16:54]} Bd7 {[%emt 0:02:30]} 17. Nh4 {[%emt 0:10:51]} e6 {[%emt 0:00:30]} 18. Qd1 {[%emt 0:00:58]} Rb3 {[%emt 0:01:30]} 19. Qc2 {[%emt 0:00:43]} Qb6 {[%emt 0:00:30]} 20. Na4 {[%emt 0:00:47]} Qa7 {[%emt 0:00:00]} 21. Nc3 {[%emt 0:00:27]} Rfb8 {[%emt 0:00:00]} 22. Rfd1 {[%emt 0:00:15]} Ne5 {[%emt 0:00:30]} 23. Bf1 {[%emt 0:00:29]} g5 {[%emt 0:01:30]} 24. Ng2 {[%emt 0:00:41]} Nf3+ {[%emt 0:00:00]} 25. Kh1 {[%emt 0:00:00]} Nxd2 {[%emt 0:00:00]} 26. Qxd2 {[%emt 0:01:25]} 0-1

[Event "TUR-chT Superleague 2018"]
[Site "Ankara"]
[Date "2018.08.03"]
[Round "10"]
[White "Mamedov, Rauf"]
[Black "Eren, Ataberk"]
[Result "1-0"]
[WhiteElo "2708"]
[BlackElo "2193"]
[Annotator "TA"]
[PlyCount "57"]
[EventDate "2018.07.25"]
[EventType "team-tourn"]
[EventCountry "TUR"]
[SourceTitle "playchess.com"]
[Source "ChessBase"]
[SourceQuality "1"]

{[%evp 14,57,33,0,10,-27,-30,-20,0,-31,0,0,8,14,16,40,0,0,87,81,88,79,79,110,114,112,315,308,376,368,380,375,515,528,706,643,1207,1147,1934,1921,1908,1804,1615,1070,1360,1361]} 1. e4 e6 2. d4 d5 3. Nd2 Nf6 4. e5 Nfd7 5. f4 c5 6. Ngf3 Nc6 7. Nb3 {C05: French Tarrasch: 3...Nf6 4 e5 Nfd7, 5 f4 and 5 Bd3 sidelines} cxd4 (7... c4 8. Nbd2 Qa5 9. c3 b5 10. Be2 b4 11. Nb1 Nb6 12. O-O Bd7 13. Kh1 Be7 14. Bd2 Rb8 15. cxb4 Nxb4 {1-0 (37) Mamedov,R (2659)-Wang,H (2729) Dubai 2014}) 8. Bd3 {LiveBook: 7 Games} Nc5 9. Nxc5 {The position is equal.} Bxc5 10. a3 Bd7 11. O-O $146 ({Predecessor:} 11. b4 Bb6 12. O-O Qe7 13. Qe1 O-O-O 14. Bd2 f6 15. a4 g5 {0-1 (35) Strobel,A-Gauss,G Baden 1991}) 11... h6 12. Qe1 Qc7 13. b4 {[%cal Bb2b4,Bb4b5][%mdl 32]} Bb6 14. Kh1 a6 15. Rf2 O-O-O (15... Qb8 $11 {remains equal.}) 16. a4 $1 $16 a5 17. b5 Nb4 {[#]} 18. Bb2 $1 Kb8 19. Nxd4 f5 $2 {[#]} (19... Nxd3 $16 20. cxd3 Rc8) 20. Bf1 $1 $18 Rc8 21. Qd1 g5 22. c3 gxf4 23. cxb4 {White is clearly winning.} axb4 24. a5 {And now Nxe6 would win.} Bxa5 25. Nb3 Bb6 26. Bd4 Bxd4 27. Qxd4 {[%csl Ga1][%cal Rd4a7]} Qc3 28. Qa7+ Kc7 29. Rc1 {Precision: White = 81%, Black = 26%.} 1-0

[Event "TUR-chT Superleague 2018"]
[Site "Ankara"]
[Date "2018.08.03"]
[Round "10"]
[White "Kovalev, Vladislav"]
[Black "Mchedlishvili, Mikheil"]
[Result "1/2-1/2"]
[WhiteElo "2667"]
[BlackElo "2608"]
[Annotator "TA"]
[PlyCount "60"]
[EventDate "2018.07.25"]
[EventType "team-tourn"]
[EventCountry "TUR"]
[SourceTitle "playchess.com"]
[Source "ChessBase"]
[SourceQuality "1"]

{[%evp 18,60,35,10,20,16,22,15,17,20,7,14,31,-6,0,-4,0,-15,0,-17,-22,-30,-12,0,-14,-24,-10,-12,-20,-21,-22,-36,-7,-17,0,0,0,0,0,0,0,0,0,0,0]} 1. e4 c5 2. Nf3 e6 3. d4 cxd4 4. Nxd4 Nc6 5. Nc3 Qc7 6. Be2 Nf6 7. Be3 Be7 8. O-O O-O 9. f4 d6 10. Qd2 {LiveBook: 4 Games. B83: Sicilian Scheveningen: 6 Be2, lines without ...a6} (10. Kh1 a6 11. Qe1 Nxd4 12. Bxd4 b5 13. Qg3 b4 14. e5 dxe5 15. Bxe5 Qb6 16. Ne4 Ne8 17. Rad1 f6 18. Bd4 Qc7 19. Bd3 Nd6 20. Nxd6 Bxd6 21. Qh4 {½-½ (80) Kravtsiv,M (2672)-Ding,L (2777) Riadh 2017}) 10... Nxd4 11. Bxd4 e5 12. Be3 b6 13. Rad1 $146 ({Predecessor:} 13. f5 Bb7 14. Nd5 Bxd5 15. exd5 Ne4 16. Qd3 Nc5 17. Qa3 Rac8 {1-0 (56) Engel,L (2330)-Faerber,D (2155) Walldorf 2017}) 13... Bb7 14. Bf3 Rfd8 15. Qf2 Rac8 16. a3 Qb8 17. h3 Rc4 18. fxe5 dxe5 19. Be2 Rcc8 20. Rxd8+ Rxd8 21. g4 {[#] Hoping for g5.} Rf8 22. Bd3 Qc8 23. Qe1 Bc5 24. Kh2 Bxe3 25. Qxe3 {The position is equal.} Qc7 26. Nb5 Qb8 27. Nc3 Qc7 28. Nb5 Qb8 29. Nc3 Qc7 30. Nb5 Qb8 {Precision: White = 61%, Black = 50%.} 1/2-1/2

[Event "TUR-chT Superleague 2018"]
[Site "Ankara"]
[Date "2018.08.03"]
[Round "10"]
[White "Kuzubov, Yuriy"]
[Black "Inarkiev, Ernesto"]
[Result "1/2-1/2"]
[WhiteElo "2647"]
[BlackElo "2690"]
[Annotator "TA"]
[PlyCount "60"]
[EventDate "2018.07.25"]
[EventType "team-tourn"]
[EventCountry "TUR"]
[SourceTitle "playchess.com"]
[Source "ChessBase"]
[SourceQuality "1"]

{[%evp 21,60,15,20,6,9,6,6,6,8,0,0,0,0,0,0,0,0,0,0,0,0,0,0,0,0,0,0,0,0,0,0,0,0,0,0,0,0,0,0,0,0]} 1. e4 e5 2. Nf3 Nc6 3. Bb5 Nf6 4. O-O Nxe4 5. Re1 Nd6 6. Nxe5 Be7 7. Bf1 Nf5 {C67: Ruy Lopez: Berlin Defence: 4 0-0 Nxe4} 8. c3 Nxe5 9. Rxe5 d6 10. Re1 O-O 11. d4 d5 {LiveBook: 86 Games. The position is equal.} 12. Bf4 Bd6 13. Qf3 Bxf4 14. Qxf4 Qd6 15. Qxd6 Nxd6 {[#]} 16. Bd3 $146 c6 17. Nd2 Bf5 18. Bxf5 Nxf5 19. Re5 Nd6 20. Rae1 Rfe8 21. Rxe8+ Rxe8 22. Rxe8+ Nxe8 $11 {[%mdl 4096] Endgame KN-KN} 23. Nb3 Nd6 24. Nc5 Kf8 25. Kf1 Ke7 26. Ke2 g5 27. g4 f6 28. f3 b6 29. Nd3 a5 30. a4 Ke6 {Precision: White = 85%, Black = 82%.} 1/2-1/2

[Event "TUR-chT Superleague 2018"]
[Site "Ankara"]
[Date "2018.08.03"]
[Round "10"]
[White "Salgado Lopez, Ivan"]
[Black "Tukhaev, Adam"]
[Result "1-0"]
[WhiteElo "2643"]
[BlackElo "2542"]
[Annotator "TA"]
[PlyCount "111"]
[EventDate "2018.07.25"]
[EventType "team-tourn"]
[EventCountry "TUR"]
[SourceTitle "playchess.com"]
[Source "ChessBase"]
[SourceQuality "1"]

{[%evp 16,111,52,48,54,33,38,37,69,69,65,58,56,52,59,45,49,50,39,16,72,66,75,4,50,60,43,40,110,89,96,30,44,39,63,60,46,10,64,64,64,65,71,62,102,78,106,100,113,108,122,116,135,134,144,143,133,131,145,126,137,139,162,158,163,142,168,167,163,155,178,178,171,174,178,174,210,192,252,252,241,230,220,225,399,379,374,360,450,450,435,374,12844,12844,12845,2026,12845,12845]} 1. e4 d6 2. d4 Nf6 3. Bd3 g6 4. Nf3 Bg7 5. O-O O-O 6. c3 Nc6 7. Re1 e5 8. h3 h6 9. Be3 {LiveBook: 15 Games} b6 $146 {B07: Pirc Defence: Miscellaneous Systems} ({Predecessor:} 9... Nh5 10. Nbd2 Qf6 11. Bf1 Bd7 12. dxe5 dxe5 13. Qc2 Rad8 14. Rad1 Rfe8 15. b4 a6 16. a4 Ne7 17. a5 {½-½ (26) Rausis,I (2516)-Sanikidze,T (2559) Schoelcher 2013}) 10. Nbd2 Bb7 11. a3 Nd7 {White is slightly better.} 12. Qc2 Ne7 13. dxe5 dxe5 14. Rad1 Nc8 15. b4 Qe7 16. Nc4 Rd8 17. Bf1 Nf6 (17... Nd6 $11 {keeps the balance.}) 18. Rxd8+ $16 Qxd8 19. Rd1 (19. Ncxe5 $16 Bxe4 20. Qb3) 19... Qf8 20. Nfd2 Nh5 21. a4 Nd6 {[#]} (21... Nf4 $14) 22. Nxd6 $1 Qxd6 {[#]} 23. Nc4 (23. c4 $1 $16) 23... Qf8 24. a5 Rd8 25. Rxd8 Qxd8 26. Qd2 Qe7 ({Black should try} 26... Qxd2 $11 27. Nxd2 Kf8) 27. Bxh6 $14 Bxe4 28. Bxg7 Kxg7 29. Qe3 $36 {[%mdl 2048] White has good play.} Nf6 30. axb6 cxb6 31. b5 Qe6 32. f3 Bd5 33. Nxe5 Nd7 34. Ng4 Qxe3+ 35. Nxe3 $16 {[%mdl 4096] Endgame KBN-KBN} Be6 36. Nc2 Nc5 37. Nd4 Bd7 38. Kf2 Na4 39. c4 Nc5 40. Ke3 g5 41. Be2 f6 42. Bd3 Kf7 43. Bf5 Be8 44. f4 Ke7 45. Bg4 a5 46. bxa6 $1 {And now a7 would win.} Nxa6 (46... gxf4+ $142 47. Kxf4 Nxa6 48. Nf5+ Kf8) 47. Nf5+ $18 Kf8 48. fxg5 fxg5 49. Nd6 Bc6 $2 (49... Nb4 {keeps fighting.} 50. Ke4 Nc2) 50. Bf3 Bd7 51. Ne4 Nc7 52. Nxg5 b5 53. c5 Ne6 $2 (53... b4 54. Kd4 Be6) 54. Nxe6+ {White is clearly winning.} Bxe6 55. Kd4 (55. c6 $142 b4 56. Bg4) 55... b4 56. Bg4 {Precision: White = 71%, Black = 31%.} 1-0

[Event "TUR-chT Superleague 2018"]
[Site "Ankara"]
[Date "2018.08.03"]
[Round "10"]
[White "Alekseenko, Kirill"]
[Black "Yilmaz, Goktan"]
[Result "1-0"]
[WhiteElo "2635"]
[BlackElo "2233"]
[Annotator "TA"]
[PlyCount "87"]
[EventDate "2018.07.25"]
[EventType "team-tourn"]
[EventCountry "TUR"]
[SourceTitle "playchess.com"]
[Source "ChessBase"]
[SourceQuality "1"]

{[%evp 23,87,22,38,31,64,64,91,87,89,48,100,120,104,108,95,115,150,149,159,147,194,194,194,188,290,145,145,141,145,142,220,199,273,262,305,300,560,558,572,544,635,657,639,475,539,525,966,622,1041,584,578,560,29979,29980,29980,29981,29981,29982,29982,29983,29983,29984,29983,29984,29984,29985]} 1. e4 e5 2. Nf3 Nc6 3. Bb5 a6 4. Ba4 Nf6 5. O-O Be7 6. Bxc6 dxc6 7. d3 Bd6 8. Nbd2 O-O {C85: Closed Ruy Lopez: Deferred Exchange Variation} (8... Be6 9. b3 c5 10. a4 O-O 11. a5 Nd7 12. Nc4 f6 13. Kh1 Nb8 14. Ng1 Nc6 15. Ne2 Qd7 16. Be3 {1-0 (86) Howell,D (2620)-Negi,P (2661) Leiden 2012}) 9. b3 c5 $146 ({Predecessor:} 9... Re8 10. Bb2 Bg4 11. Nc4 Nd7 12. Ne3 Be6 13. d4 f6 14. Re1 Qe7 15. Nh4 exd4 16. Nef5 {1-0 (70) Malik,J (2239)-Fuksik,J (2135) Czechia 2011}) 10. Bb2 Re8 11. Nc4 Nd7 12. a4 b6 {LiveBook: 13 Games} 13. g3 Bb7 14. Nh4 {[%cal Bf3h4,Bh4g2,Bg2e3][%mdl 32]} g6 15. Ng2 Bf8 16. f4 Bg7 ({Better is} 16... exf4 $1 $14 17. Qf3 (17. Nxf4 Bg7 $14) (17. Rxf4 f6 $14) 17... Bh6) 17. f5 $16 Nb8 18. Nge3 Nc6 19. f6 Bxf6 20. Qf3 Bg7 21. Nxb6 $1 cxb6 22. Qxf7+ Kh8 {[#] Strongly threatening ...Rb8.} 23. Qxb7 Nd4 (23... Na5 {was necessary.} 24. Qd5 Qc8) 24. Rae1 (24. Rf7 $18 Rg8 25. Nd5) 24... Re7 25. Qd5 Rd7 26. Qc4 Qg5 (26... b5 $16 27. Qc3 (27. Qxc5 Rc7 $16) 27... Rb7) 27. Bxd4 exd4 (27... cxd4 $142 28. Nd5 Qd8) 28. Nd5 $18 Rd6 29. Rf3 Rf8 $2 (29... h5 30. a5 bxa5 31. Qxc5 Rdd8) 30. Rxf8+ Bxf8 31. Rf1 Bh6 32. Qxa6 Qd8 33. Rf3 Be3+ 34. Kg2 g5 35. a5 g4 36. Rf5 bxa5 37. Qa7 a4 38. Rf7 {White mates.} Qg8 39. Qe7 Bh6 40. Nf6 Rxf6 41. Qxf6+ Bg7 {[#]} 42. Rxg7 $1 Qxg7 43. Qxg7+ Kxg7 44. bxa4 {Precision: White = 80%, Black = 30%.} 1-0

[Event "TUR-chT Superleague 2018"]
[Site "Ankara"]
[Date "2018.08.03"]
[Round "10"]
[White "Rakhmanov, Aleksandr"]
[Black "Cheparinov, Ivan"]
[Result "1/2-1/2"]
[WhiteElo "2629"]
[BlackElo "2718"]
[Annotator "TA"]
[PlyCount "103"]
[EventDate "2018.07.25"]
[EventType "team-tourn"]
[EventCountry "TUR"]
[SourceTitle "playchess.com"]
[Source "ChessBase"]
[SourceQuality "1"]

{[%evp 15,103,-16,-8,-43,-43,-59,41,50,61,10,4,0,3,0,0,0,0,0,25,30,33,20,20,28,22,29,61,20,63,18,16,-52,-35,-45,-39,-24,0,0,0,0,0,0,0,0,0,0,0,0,0,-141,-141,-141,-145,-145,-145,-168,-95,-95,-95,-102,-91,-93,-94,-108,-93,-215,0,0,0,0,0,0,0,0,0,0,0,0,0,0,0,0,0,0,0,0,0,0,0,0]} 1. d4 Nf6 2. c4 g6 3. g3 Bg7 4. Bg2 O-O 5. Nc3 d6 6. e3 e5 7. Nge2 c6 8. h3 {E61: King's Indian: Early deviations for White, including Smyslov System} (8. O-O Re8 9. e4 exd4 10. Nxd4 Nbd7 11. Re1 Nc5 12. Bf4 Ng4 13. h3 Ne5 14. Bf1 Qb6 15. Qd2 Ncd3 16. Bxd3 Qxd4 {0-1 (49) Le,Q (2693)-Topalov,V (2752) Astana 2012}) 8... Re8 {LiveBook: 3 Games} 9. d5 $146 ({Predecessor:} 9. dxe5 dxe5 10. Qxd8 Rxd8 11. b3 Na6 12. Ba3 Bf8 13. Bxf8 Kxf8 14. g4 {1-0 (37) Kosten,A (2517)-Vassallo Barroche,M (2392) Andorra 2007}) 9... cxd5 10. cxd5 {Black is slightly better.} h5 ({Black should try} 10... e4 $1 $15) 11. e4 $14 Bd7 12. Bg5 (12. Be3 $14) 12... b5 $11 13. Qd2 a5 14. f3 Na6 15. g4 Qb8 16. Ng3 Nh7 17. gxh5 Nxg5 18. Qxg5 Qd8 19. Qxd8 Rexd8 20. h4 Nc5 21. Bf1 Rab8 22. Nd1 Bh6 23. Bh3 (23. Nf2 $11) 23... Nd3+ $15 24. Kf1 Bxh3+ 25. Rxh3 Nf4 (25... Rbc8 {keeps more tension.} 26. Rh2 Rc5 27. Ne2 Rf8 28. Rg2 Kh7) 26. Rh2 Nxh5 (26... gxh5 $6 27. Nf5 $16) 27. Nxh5 gxh5 28. Ke2 Rbc8 29. Ne3 Kf8 30. Rg1 a4 31. Rhg2 Bxe3 $1 32. Rg8+ (32. Kxe3 $11 Ke7 33. f4) 32... Ke7 $17 33. Rxd8 Rc2+ 34. Kxe3 Kxd8 {[%mdl 4096] Endgame KR-KR} 35. Rb1 b4 (35... Rh2 $19 36. a3 f5 37. exf5 Ke7) 36. Kd3 {[#]} b3 $1 37. axb3 axb3 38. Ra1 Rxb2 39. Ra8+ Kc7 {White must now prevent ...Rf2.} 40. Ra7+ (40. Kc3 $17 Rf2 41. Kxb3) 40... Kc8 $2 (40... Kb6 $19 41. Ra3 Kb5) 41. Kc3 $11 {The position is equal.} Rf2 42. Kxb3 Rxf3+ 43. Kc4 Kb8 44. Re7 Rf4 45. Kb5 {[#] Kb6 is the strong threat.} Rxe4 ({Reject} 45... Rxh4 46. Kb6 $14) 46. Kc6 {aiming for Re8+.} Rxh4 47. Kxd6 Ra4 48. Kxe5 Kc8 49. Rxf7 Ra6 50. Rh7 Kd8 51. Rxh5 Rb6 52. Rh8+ {Precision: White = 60%, Black = 73%.} 1/2-1/2

[Event "TUR-chT Superleague 2018"]
[Site "Ankara"]
[Date "2018.08.03"]
[Round "10"]
[White "Goganov, Aleksey"]
[Black "Zhigalko, Sergei"]
[Result "1/2-1/2"]
[WhiteElo "2586"]
[BlackElo "2615"]
[Annotator "ChessBase"]
[PlyCount "52"]
[EventDate "2018.07.25"]
[EventType "team-tourn"]
[EventCountry "TUR"]
[SourceTitle "playchess.com"]
[Source "ChessBase"]
[SourceQuality "1"]
[TimeControl "40/5400+30:1800+30"]

1. d4 {[%emt 0:00:30]} Nf6 {[%emt 0:00:30]} 2. c4 {[%emt 0:00:00]} e6 {[%emt 0:00:30]} 3. Nf3 {[%emt 0:00:00]} b6 {[%emt 0:00:30]} 4. a3 {[%emt 0:00:00]} Bb7 {[%emt 0:02:30]} 5. Nc3 {[%emt 0:00:00]} d5 {[%emt 0:00:30]} 6. Bg5 {[%emt 0:00:30]} Be7 {[%emt 0:15:30]} 7. e3 {[%emt 0:00:00]} O-O {[%emt 0:01:30]} 8. Qc2 {[%emt 0:00:00]} Nbd7 {[%emt 0:15:30]} 9. cxd5 {[%emt 0:00:30]} Nxd5 {[%emt 0:11:30]} 10. Bxe7 {[%emt 0:00:30]} Nxe7 {[%emt 0:00:30]} 11. Rd1 {[%emt 0:01:30]} Rc8 {[%emt 0:13:30]} 12. Be2 {[%emt 0:04:30]} Nd5 {[%emt 0:10:30]} 13. Nxd5 {[%emt 0:02:30]} exd5 {[%emt 0:00:30]} 14. O-O {[%emt 0:11:30]} c5 {[%emt 0:00:30]} 15. dxc5 {[%emt 0:00:00]} bxc5 {[%emt 0:00:00]} 16. Ne1 {[%emt 0:02:00]} Nf6 {[%emt 0:02:00]} 17. Bf3 {[%emt 0:04:30]} Qb6 {[%emt 0:01:30]} 18. Nd3 {[%emt 0:00:30]} Rfd8 {[%emt 0:02:22]} 19. Rfe1 {[%emt 0:06:30]} Ba6 {[%emt 0:03:25]} 20. Qc3 {[%emt 0:09:30]} h6 {[%emt 0:01:43]} 21. h3 {[%emt 0:08:30]} Bb7 {[%emt 0:03:10]} 22. Qc2 {[%emt 0:03:30]} Ba6 {[%emt 0:00:03]} 23. Qc3 {[%emt 0:13:30]} Bb7 {[%emt 0:00:02]} 24. Qc2 {[%emt 0:00:30]} Ba6 {[%emt 0:00:30]} 25. Qc3 {[%emt 0:00:30]} Bb7 {[%emt 0:00:30]} 26. Qc2 {[%emt 0:00:00]} Ba6 {[%emt 0:00:00]} 1/2-1/2

[Event "TUR-chT Superleague 2018"]
[Site "Ankara"]
[Date "2018.08.03"]
[Round "10"]
[White "Nihal Sarin"]
[Black "Jakovenko, Dmitry"]
[Result "0-1"]
[WhiteElo "2556"]
[BlackElo "2748"]
[Annotator "TA"]
[PlyCount "78"]
[EventDate "2018.07.25"]
[EventType "team-tourn"]
[EventCountry "TUR"]
[SourceTitle "playchess.com"]
[Source "ChessBase"]
[SourceQuality "1"]

{[%evp 17,78,16,36,18,25,20,24,8,18,12,15,-4,16,16,21,16,13,18,27,-21,-28,-20,-22,-19,-22,-108,-100,-107,-104,-103,-82,-111,-110,-114,-3,-3,-3,-15,0,0,0,-7,0,-88,-87,-515,-519,-948,-905,-1558,-1552,-1237,-966,-710,-650,-1540,-1441,-1346,-1243,-12840,-12837,-12843,-12843]} 1. d4 Nf6 2. c4 e6 3. Nc3 Bb4 4. Qc2 O-O 5. Nf3 d6 6. Bd2 c5 7. dxc5 {E32: Nimzo-Indian: Classical (4 Qc2): 4...0-0} Bxc5 8. e3 Nc6 9. a3 a6 {LiveBook: 3 Games} 10. Bd3 Ba7 $146 ({Predecessor:} 10... h6 11. O-O e5 12. Rfd1 Be6 13. Bc1 Rc8 14. b3 Ba7 {½-½ (40) Bachmann,A (2653)-Delgado Ramirez,N (2613) Medellin 2017}) 11. O-O h6 12. h3 Qe7 13. Rad1 Bd7 14. Rfe1 Rac8 15. b4 e5 16. e4 Nd4 17. Nxd4 Bxd4 18. Nd5 Nxd5 19. exd5 f5 20. Be3 Bxe3 21. fxe3 (21. Rxe3 $11 e4 22. Bf1) 21... b5 $17 22. Rc1 bxc4 23. Bxc4 f4 {Hoping for ...Qg5.} 24. exf4 Rxf4 25. Qb3 Bf5 (25... Bxh3 $17 26. gxh3 Qh4) 26. Bf1 $11 Rf8 27. Qe3 Qg5 {[#] ...Rxf1+ is the strong threat.} 28. Rc3 Be4 {( -> ...Rxf1+!)} 29. Qg3 $1 Qe7 30. Qe3 (30. Kh2 $11) 30... Bxd5 $40 {[%mdl 128] Black goes for the king.} 31. Bxa6 $2 {[%mdl 8192] [#]} (31. Rd1 $17) 31... Re4 $1 $19 {[%cal Re4e3] Black is clearly winning.} 32. Qxe4 (32. Bc4 $142 Rxc4 33. Rxc4 Bxc4 34. Kh2) 32... Bxe4 33. Bc4+ d5 34. Rxe4 dxc4 35. Rcxc4 Qa7+ 36. Kh2 Rf1 37. Rc5 Qxa3 38. Rcxe5 Qc1 39. b5 Qc7 {Precision: White = 44%, Black = 54%.} 0-1